| 000 | 00750cam a22002413a 4500 | ||
|---|---|---|---|
| 001 | 2423 | ||
| 003 | PGUSA | ||
| 005 | 20140828083014.0 | ||
| 008 | 001201s2000||||xxu|||||s|||||000 | eng d | ||
| 040 |
_aPGUSA _beng |
||
| 042 | _adc | ||
| 050 | 4 | _aPR | |
| 100 | 1 |
_aPiozzi, Hester Lynch, _d1741-1821 |
|
| 245 | 1 | 0 |
_aAnecdotes of the late Samuel Johnson, LL.D. : _bDuring the Last Twenty Years of His Life _h[electronic resource] / _cHester Lynch Piozzi |
| 260 |
_bProject Gutenberg, _c2000 |
||
| 506 | _aPublic domain in the USA. | ||
| 516 | _aElectronic text | ||
| 653 | _aJohnson, Samuel, 1709-1784 | ||
| 700 | 1 |
_aMorley, Henry, _d1822-1894 |
|
| 830 | 0 |
_aProject Gutenberg _v2423 |
|
| 856 | 4 | 0 | _uhttp://www.gutenberg.org/ebooks/2423 |
| 942 | _cEB | ||
| 999 |
_c231760 _d231760 |
||